Sports Quiz

Random Sports or WWE Quiz

WWE Triple Crown Champions Quiz Stats

 Plays Quiz Updated Jul 16, 2019

Score 0/30 Timer 10:00
1 Play Today
Title Order Superstar % Correct
IC, WWE, World TagTriple H
90.5%
IC, World Tag, WWE, *World HeavyweightShawn Michaels
88.8%
IC, WWE, WWE TagSeth Rollins
87.9%
IC, WWE, WWE TagRoman Reigns
87.1%
IC, WWE, World TagThe Rock
84.3%
WWE, World Tag, IC, *World HeavyweightKane
81.1%
IC, World Heavyweight, World Tag, *WWERandy Orton
80.2%
IC, WWE, WWE Tag, *World TagKofi Kingston
79.6%
World Tag, IC, WWEStone Cold Steve Austin
79.2%
World Tag, IC, WWE, *World Heavyweight,Edge
79%
IC, World Tag, WWE, *World HeavyweightChris Jericho
77.3%
IC, WWE, WWE TagDean Ambrose
76.7%
World Tag, IC, WWEBret Hart
76.2%
World Tag, WWE, *World Heavyweight, ICBig Show
73.6%
World Heavyweight, World Tag, IC, *WWECM Punk
70.5%
Title Order Superstar % Correct
World Tag, WWE, ICThe Miz
69.2%
IC, WWE, WWE Tag, *World HeavyweightKurt Angle
68.9%
WWE, World Tag, ICRic Flair
67.8%
IC, World Tag, World HeavyweightChris Benoit
67.8%
World Heavyweight, WWE Tag, IC, *WWEDaniel Bryan
67.3%
World Tag, IC, WWE, *World Heavyweight Jeff Hardy
66.2%
WWE Tag, World Heavyweight, IC, *WWERey Mysterio
65.9%
World Tag, IC, World Heavyweight Christian
64.9%
IC, WWE Tag, WWEEddie Guerrero
63.6%
IC, World Tag, WWEDiesel
62.1%
IC, World Tag, WWERob Van Dam
54.6%
World Tag, IC, World HeavyweightBooker T
53.5%
World Tag, WWE, ICJBL
52%
World Tag, IC, World HeavyweightDolph Ziggler
51.8%
WWE, World Tag, ICPedro Morales
40.6%

You're not logged in!

Compare scores with friends on all Sporcle quizzes.
OR
Log In

Sporcle TV

Today on Sporcle TV


Watch our educational content, quiz creation guides, and fun videos on Sporcle TV.

Show Comments

Extras

Top Quizzes Today


Score Distribution

Your Account Isn't Verified!

In order to create a playlist on Sporcle, you need to verify the email address you used during registration. Go to your Sporcle Settings to finish the process.

Report this User

Report this user for behavior that violates our Community Guidelines.

Details: